000 00546nam a22001577a 4500
003 NUST
038 _abaig
082 _a200 THE
100 _aZahid Faraz
_984148
110 _aSupervisor Dr Syed WAheed Ul Haq
_984149
245 _aTH-SOF-1253-Development Of An Integrated Framework For Optimization Of Sheet Metal Work Through Bi-Directional Information Flow Between Design and Manufacturing Processes
260 _aIslamabad:
_bNUST College of EME,
_c2016
563 _ahb
650 _a PhD MECHANICAL ENGINEERING
_984150
942 _cCF
_2ddc
999 _c577147
_d577147